000 00752nam a2200229Ia 4500
008 191130s2007##################000#0#eng##
020 _a9780521839365
022 _a2007032989
040 _aACL
_cACL
082 _a307.76094 LEE
100 _aLees, Andrew
245 _aCities and the making of modern Europe, 1750-1914
_cAndrew Lees and Lynn Hollen Lees
260 _aCambridge
_bCambridge University Press
_cc2007
300 _axii, 300 p. : ill., maps ; 24 cm
500 _aIncludes bibliographical references and index
650 _aCities and towns - Europe - History
650 _aUrbanization - Europe - History
700 _aLees, Lynn Hollen
990 _a8711d125ac10000c7ca76445af73d1fd
991 _a198647
999 _c129702
_d129702